000 00946nam0a22002891 4500
001 v19\rc\1893683
005 20251118180509.5
035 _a(NLR Aleph) 004989746
090 _a6273214
_c6273214
100 _a20080221d1911 u y0rusy50 ca
101 0 _arus
102 _aRU
105 _ay z |||||
200 1 _aКняжна Тараканова
_eОпера в 4 д.
_eЛибретто Н. Вильде
210 _aМосква
_cОп. С.И. Зимина
_d1911
215 _a43 с.
_d18
700 1 _7ca
_8rus
_aВильде
_bН. Н.
_fок. 1866-1918
_gНиколай Николаевич
_9222774
_3RU\NLR\AUTH\770222830
702 1 _aТараканова
_bЕ.
_fок. 1745-1775
_gЕлизавета
_4570
801 0 _aRU
_bNLR
_gpsbo
801 0 _aRU
_bRuMoRGB
_2psbo
801 1 _aRU
_bProSoft-M
_2rusmarc
852 _aNLR
_j37.42.10.814
899 _aRuMoRGB
_jE 77/350
899 _aБАН
942 _cBOOK
980 _aNB